000 00321nam a22001457a 4500
003 SGT
020 _a9788123901367
082 _a671.53 SHA
100 _aSHAW,MILTEN.C
245 _aMETAL CUTTING PRINCIPLES
260 _aNEW DELHI
_bCBS PUBLISHERS
_c2003
300 _a594
650 _aMECHANICAL
942 _2ddc
_cBK
999 _c18287
_d18287